00694nam a2200229Ia 450000500170000000800410001702000160005804000190007404100120009308200180010524500670012326000420019030000160023250400500024863000380029863000280033663000220036465000350038665100130042170000200043485000100045420240115114307.0131103s9999 xx 000 0 und d a070690393 5 aLoreto College aEnglish a327.1(I)bNAN aIndian Foreign Policyb the Nehru years cedited by B.R.Nanda aDelhibVikas Publishing Housecc 1976 aix, 279 p.  aIncludes bibliographical references and index aIndia - Foreign Policy, 1947 - 64 aInternational Relations aPolitical Science aNehru, Jawaharlal, 1889 - 1964 aPolitics aNanda, B.R.,ed. aLCLIB